=LDR 00000nam 2200000 4500 =001 INLIS000000000020944 =005 20130612115841 =008 ***********************************Ind** =035 ##$$0010-061300000020944 =041 ##$$a Ind =082 ##$$a 339.3 =090 ##$$a 339.3, Sch n =100 ##$$a Schultzt, Charles L =245 ##$$a National income analysis, Charles L. Schultze =260 ##$$a 1999 $b New Delhi =300 ##$$a 162 hlm, ilus, 27 cm =650 ##$$a Pendapatan National =850 ##$$a NBPNMAT